Layang-layang bertali benang

Bibliographic Details
Main Authors: Ghazali Ngah Azia, JF SC MAL (752), Perintis pealan induk Ghazali Ngah Azia
Format: Book
Published: Selangor : Penerbitan Orkid , 2006
Series:Siri nilai klasik
Subjects:

MARC

LEADER 00000cam a2200000 7i4500
001 0000000678
005 20151222.0
008 070702
020 |a 983891438X 
020 |a 9838914460(set) 
090 0 0 |a JF   |b MAL (351) 
100 0 |a Ghazali Ngah Azia 
100 0 |a JF   |b SC MAL (752) 
100 0 |a Perintis pealan induk   |c Ghazali Ngah Azia 
245 1 0 |a Layang-layang bertali benang   |c Ghazali Ngah Azia 
260 |a Selangor :   |b Penerbitan Orkid ,   |c 2006 
440 0 |a Siri nilai klasik 
500 |a Children ages 7-9 years old (orange) 
650 0 |a Malay language   |x Readers   |x Fiction 
999 |a 0000919133   |b Book   |c Children Collection   |e Cawangan Bukit Gambir 
999 |a 0000919134   |b Book   |c Children Collection   |e Cawangan Bukit Gambir 
999 |a 0000919135   |b Book   |c Children Collection   |e Cawangan Bukit Gambir 
999 |a 0000931290   |b Book   |c Children Collection   |e Cawangan Tangkak 
999 |a 0000931291   |b Book   |c Children Collection   |e Cawangan Tangkak 
999 |a 0000931292   |b Book   |c Children Collection   |e Cawangan Tangkak 
999 |a 0000959219   |b Book   |c Children Collection   |e Perbadanan Perpustakaan Awam Johor 
999 |a 0000959220   |b Book   |c Children Collection   |e Perbadanan Perpustakaan Awam Johor 
999 |a 0000959221   |b Book   |c Children Collection   |e Cawangan Taman Universiti 
999 |a 0000971536   |b Book   |c Children Collection   |e Cawangan Bandar Penawar 
999 |a 0000971538   |b Book   |c Children Collection   |e Cawangan Tangkak 
999 |a 0000971539   |b Book   |c Teenagers   |e Cawangan Bandar Tenggara